000
00297nam a2200109Ia 4500
008
201223s9999 xx 000 0 und d
100
_a
Chakrabarti, Dilip Kumar
245
0
_a
(The) External trade of the Indus civilization
260
_a
New Delhi
_b
Munshiram Manoharlal
300
_a
180
942
_c
BK
999
_c
8523
_d
8523